Vista normal Vista MARC

Entrada Materia (personas)

Número de registros utilizados en: 1

001 - CONTROL NUMBER

  • control field: 55037

003 - CONTROL NUMBER IDENTIFIER

  • control field: Co-BoUCM

005 - DATE AND TIME OF LATEST TRANSACTION

  • control field: 20140207153300.0

008 - FIXED-LENGTH DATA ELEMENTS

  • fixed length control field: 140207|| aca||aabn | a|a d

040 ## - CATALOGING SOURCE

  • Original cataloging agency: Co-BoUCM
  • Transcribing agency: Co-BoUCM

100 ## - HEADING--PERSONAL NAME

  • Personal name: Tertrais, Bruno
  • Relator term: editor

670 ## - SOURCE DATA FOUND

  • Source citation: Work cat.: (Co-BoUCM)184494: Nuclear weapons security crises, 2013